| 000 | 00477nam a22001697a 4500 | ||
|---|---|---|---|
| 003 | OSt | ||
| 005 | 20140310182953.0 | ||
| 008 | 130206t xxu||||| |||| 00| 0 eng d | ||
| 050 |
_aHF 5621 _b.M34 1998 |
||
| 100 | _aMalig, Alberto G. | ||
| 245 |
_aAccounting and business dictionary / _cAlberto G. Malig |
||
| 260 |
_aRecto, Manila ; _bGic Enterprises & Co., Inc., _c1998. |
||
| 300 |
_a351 p. : _c23 cm. _bill. ; |
||
| 521 | _aBSA | ||
| 942 |
_2lcc _cBK _kLOC |
||
| 999 |
_c17952 _d17952 |
||